MDQL
is popping MORE tags! Check the
thread
!
Quizzes
Events
Quiz Creation
Community
Videos
Private Events
Remove Ads
Sign In
Join for FREE
Feedback
Dark Mode
Quiz Categories
Sports
Geography
Music
Movies
Television
Just For Fun
Miscellaneous
History
Literature
Language
Science
Gaming
Entertainment
Religion
Holiday
For Kids
Quiz Lab
Recent
Popular Today
Quiz Kudos Today
Editor Picks
Curator Picks
Quizzes by...
Day
Popularity
Type
Ratings
Length
Year
Community
Subscriptions
Recent Discussions
Orange Saloon
Badges
Playlists
Quests
Create
Leaderboards
Showdown
Live 5
Trivia Bingo
Activity
Puzzle Library
Sporcle Events
Private Events
Virtual Trivia
Globe League
Become a Host
Pub Owners
SporcleCon
Opinionation
Our Games
Videos
Blog
Mobile Apps
Partnerships
Remove Ads and Go Orange
Feedback
Music
Pop Music
The Beatles
Song
Album
Lyrics
Bands
Singers
Artist
Clip
Rock
Rap
Classical
Billboard
Country Music
Kpop
Taylor Swift
Music
Pop Music
The Beatles
Song
Album
Lyrics
Bands
Singers
Artist
Clip
Rock
Rap
Classical
Billboard
Country Music
Kpop
Taylor Swift
Random Quiz
Search Sporcle
×
Quiz Lab
Quiz Lab
Music
New Zealand
Type in answers that appear in a list
Type in answers that appear in a list
Classic
Best Score? Go Orange.
New Zealand #1 Singles 2000-2004 Stats
Can you name New Zealand's number one singles from 2000 to 2004?
By
MuseMan_28
11m
94 Questions
33 Plays
33 Plays
33 Plays
Comments
Comments
Give Quiz Kudos
Give Quiz Kudos
-
- Ratings
hide this ad
Replay
Link that replays current quiz
Next Quiz
Link to next quiz in quiz playlist
You Got
0%
They Got
Avg Score
61%
Avg Friend Score
Upgrade to see
Score Distribution
Jump to the score distribution portion of the page
Score
0/94
Timer
11:00
0
Plays Today
Artist
Title
% Correct
Usher feat. Lil Jon and Ludacris
Yeah!
93.9%
NSYNC
Bye Bye Bye
90.9%
Christina Aguilera, Lil' Kim, P!nk and Mýa
Lady Marmalade
90.9%
Alicia Keys
Fallin'
90.9%
Avril Lavigne
Complicated
90.9%
P!nk
Get the Party Started
87.9%
Shakira
Whenever, Wherever
87.9%
Christina Aguilera
Beautiful
87.9%
50 Cent
In da Club
87.9%
R. Kelly
Ignition (Remix)
87.9%
The Black Eyed Peas feat. Justin Timberlake
Where Is the Love?
87.9%
Usher
Burn
87.9%
Snoop Dogg feat. Pharrell Williams
Drop It Like It's Hot
87.9%
Macy Gray
I Try
84.8%
Sisqó
Thong Song
84.8%
Madonna
Music
84.8%
Baha Men
Who Let the Dogs Out?
84.8%
Eminem
Lose Yourself
84.8%
Eminem
Without Me
81.8%
Christina Aguilera
What a Girl Wants
78.8%
Britney Spears
Oops!... I Did It Again
78.8%
Kylie Minogue
Can't Get You Out of My Head
78.8%
Robbie Williams and Nicole Kidman
Somethin' Stupid
78.8%
t.A.T.u.
All the Things She Said
78.8%
Band Aid 20
Do They Know It's Christmas?
78.8%
Destiny's Child
Independent Women Part I
75.8%
Uncle Kracker
Follow Me
75.8%
Elvis vs. JXL
A Little Less Conversation
75.8%
Las Ketchup
Aserejé (The Ketchup Song)
75.8%
The Black Eyed Peas
Shut Up
75.8%
Chingy
Right Thurr
72.7%
Anastacia
I'm Outta Love
69.7%
Artist
Title
% Correct
Jennifer Lopez
Love Don't Cost a Thing
69.7%
LeAnn Rimes
Can't Fight the Moonlight
69.7%
The Calling
Wherever You Will Go
69.7%
D12
My Band
69.7%
Robbie Williams
Rock DJ
66.7%
Atomic Kitten
Whole Again
66.7%
Nelly Furtado
Turn Off the Light
66.7%
P!nk
Don't Let Me Get Me
66.7%
Atomic Kitten
The Tide Is High (Get the Feeling)
66.7%
Jennifer Lopez feat. LL Cool J
All I Have
66.7%
Jamelia
Superstar
66.7%
Eamon
F*** It (I Don't Want You Back)
66.7%
Eminem
Just Lose It
66.7%
Bomfunk MC's
Freestyler
63.6%
Backstreet Boys
Shape of My Heart
63.6%
Afroman
Because I Got High
63.6%
The Rasmus
In the Shadows
63.6%
S Club 7
S Club Party
60.6%
Melanie C feat. Lisa 'Left Eye' Lopes
Never Be the Same Again
60.6%
Alanis Morissette
Hands Clean
60.6%
Hear'Say
Pure and Simple
57.6%
Nelly
My Place / Flap Your Wings
57.6%
Madonna
Don't Tell Me
54.5%
Ricky Martin with Christina Aguilera
Nobody Wants to Be Lonely
54.5%
Atomic Kitten
Eternal Flame
54.5%
Delta Goodrem
Born to Try
54.5%
Craig David
Walking Away
51.5%
Emma Bunton
What Took You So Long?
51.5%
Blue
All Rise
51.5%
Gorillaz
19-2000
51.5%
Amanda Perez
Angel
51.5%
Spiller feat. Sophie Ellis-
Bextor
Groovejet (If This Ain't Love)
48.5%
Artist
Title
% Correct
Samantha Mumba
Gotta Tell You
48.5%
Robbie Williams
Eternity
48.5%
Big Brovaz
Nu Flow
48.5%
Linkin Park
Somewhere I Belong
48.5%
Clay Aiken
Bridge over Troubled Water / This Is the Night
48.5%
Madison Avenue
Don't Call Me Baby
45.5%
Blue
Too Close
45.5%
Darren Hayes
Insatiable
45.5%
Gwyneth Paltrow and Huey Lewis
Cruisin'
42.4%
Guy Sebastian
Angels Brought Me Here
42.4%
Baby Bash feat. Frankie J
Suga Suga
42.4%
Vengaboys
Kiss (When the Sun Don't Shine)
39.4%
Bardot
Poison
39.4%
Wyclef Jean feat. Claudette Ortiz
Two Wrongs
39.4%
Scribe
Stand Up / Not Many
39.4%
Scribe
Dreaming / So Nice
39.4%
S Club 7
Two in a Million
33.3%
Vengaboys
Shalala Lala
33.3%
Alex Lloyd
Amazing
33.3%
Goodshirt
Sophie
33.3%
Adeaze feat. Aaradhna
Getting Stronger
33.3%
Ben Lummis
They Can't Take That Away
33.3%
Beth Hart
LA Song (Out of This Town)
30.3%
Fur Patrol
Lydia
30.3%
Dei Hamo
We Gon' Ride
30.3%
P-
Money and Scribe
Stop the Music
30.3%
3 the Hard Way
It's On (Move to This)
27.3%
Misfits of Science
Fools Love
27.3%
Michael Murphy
So Damn Beautiful
24.2%
Wolverines
65 Roses
18.2%
Quiz Playlist
Details
Report
Send in Message
Add To Playlist
Classic:
Type in answers that appear in a list
Quiz Source
Last Updated: Feb 25, 2020
Quiz Scoreboard
CHALLENGE
Sign Up to Join the Scoreboard
Show All
Scores
Hide
Comments
May contain spoilers
Recently Published
1-10 Letter E Words III
by El_Dandy
Language
2m
Street Fighter Characters
by Artimus82
Gaming
60s
College Basketball Coaching Resumes
by pancakes188
Sports
9m
More to Explore
Quiz From the Vault
Featured Blog Post
Where Did the Easter Bunny Come From?
hide this ad
You Might Also Like...
Tags
#1 Songs
2000s
Chart Topping
Music Charts
New Zealand
Today's Top Quizzes in Music
Browse Music
hide this ad
Today's Top Quizzes in New Zealand
Browse New Zealand
Top Contributed Quizzes in Music
1
Taylor Swift All Songs (2024)
2
Taylor Swift Logic Puzzle
3
Guess the Artist- 70s Songs
4
7-to-1: Billboard Hot 100 #1 Hits of 2010s
5
Sorting Albums and Songs
6
Billboard Blitz: Aretha Franklin
7
KPOP LOGIC QUIZ
8
Guess the Taylor Swift song (Mystery Song)
9
Guess The Taylor Swift Lyrics Song #1
10
Billboard Blitz: ABBA
Explore More
Trending Topics
Crossword
Kpop
Anime
NBA
Disney
Marvel
Harry Potter
Puzzle
NFL
Country
Soccer
Song
Pokémon
WWE
The Office
hide this ad
More By:
MuseMan_28
Quiz
Plays
Rating
Category
Featured
Created
New Zealand #1 Singles 2005-2009
43
Music
May 4, 2017
Name That Gemstone
3,239
4.63
Science
Mar 18, 2017
Special Skylanders by Catchphrase
1,444
5.00
Gaming
Jun 24, 2017
Special Skylanders
1,051
5.00
Gaming
Jun 24, 2017
Core Skylanders by Catchphrase
1,021
5.00
Gaming
Jun 24, 2017
Core Skylanders by Picture
930
5.00
Gaming
Jun 27, 2017
Go to Creator's Profile
Score Distribution
Quiz Creator Spotlight
MuseMan_28
Follow
Send a Message
Quizzes Created
-
Created Quiz Play Count
-
More By This Creator
Popular Quizzes Today
1
Find the US States - No Outlines Minefield
2
Find the Countries of Europe - No Outlines Minefield
3
The Countries of the World
4
Find the US States
5
Risky Map Clicking: Biggest States A-Z
6
US States
7
Popular People in 1961
8
Movies - When Are They Set?
More Music Quizzes
10 to 1: 70's Music
Curator's Pick
Trending Quizzes
Risky Map Clicking: Least Populous States A-Z
Billboard Blitz: Aretha Franklin
Famous Russians: Author or Composer?
1-10 Letter G Words
Countries of the World: 200 Million BC
Recently Updated
Leaping Animals
pecheneg
Reality TV Shows (A-Z)
bhenderson79
Rickey Henderson's Hall of Fame Teammates
pecheneg
Champions League XIs: Arsenal
pecheneg
Quick Pick: Celebrities in WWE's Hall of Fame
aduchscher
A-Z Keypad Blitz II
pecheneg
Multiple Oscar Actors
pecheneg
Mystery Phrase Blitz: Oscar 'Best Actors'
pecheneg
F. Scott Fitzgerald Novels
LTH
Pick 3 Villains
ddd62291
Trending Topics
NBA
Crossword
Kpop
Anime
Harry Potter
Disney
Marvel
Song
Pokémon
NFL
Soccer
Puzzle
WWE
Country
The Office
Your Account Isn't Verified!
In order to create a playlist on Sporcle, you need to verify the email address you used during registration. Go to your
Sporcle Settings
to finish the process.
Report this User
Report this user for behavior that violates our
Community Guidelines
.
Details:
Send Report
Go to the Sporcle.com Mobile Site →
Comments